| 000 | 00916nam a22002897a 4500 | ||
|---|---|---|---|
| 005 | 20230512222512.0 | ||
| 008 | 181227t xxu||||| |||| 00| 0 eng d | ||
| 020 | _a9781259255533 | ||
| 040 | _cCSPC | ||
| 082 | 0 |
_a150 _bK580s |
|
| 100 |
_aKing, Laura A., _eauthor. |
||
| 245 | 0 | 0 |
_aThe science of psychology _ban appreciative view/ _cLaura A. King |
| 250 |
_a4th _bEdition |
||
| 260 |
_aNew York: _bMcGraw-Hill Education, _c2017. |
||
| 300 |
_axxvi, 582 pages: _bfigures, images, tables; _c28 cm. |
||
| 336 |
_2rdacontent _atext |
||
| 337 |
_2rdamedia _aunmediated |
||
| 338 |
_2rdacarrier _avolume |
||
| 500 | _aIncludes Index, | ||
| 504 | _aIncludes Bibliographical References pages (R-1,R-71). | ||
| 650 | 1 | 0 |
_aPsychology _xStudy and teaching. |
| 650 | 1 | 0 | _aPsychology. |
| 940 | _aLenie | ||
| 942 |
_cBOOK _jCIR 150 K580s 2017 |
||
| 999 |
_c6767 _d6767 |
||